Les films et téléfilms sur la 2e Guerre mondiale - Statistiques

Statistiques générales
  • Ce quiz a été pris 50 fois
  • Le résultat moyen est 8 sur 30
Statistiques - réponses
Année Synopsis partiel Titre % Correct
1966 En 1942, pendant l'Occupation, un bombardier1 britannique embarquant cinq hommes d'équipage est abattu au-dessus de Paris par la Flak, lors d'un retour d'assaut aérien. Ses occupants sautent en parachute. Deux sont faits prisonniers, les trois autres parviennent à échapper aux Allemands. La Grande Vadrouille
67%
1962 Le film retrace chronologiquement les événements du débarquement allié en Normandie dans la journée du mardi 6 juin 1944, précédé des derniers préparatifs de la veille au soir. Le Jour le plus long
65%
1983 L'action du film se situe en France pendant la Seconde Guerre mondiale. Héléna Bourdelle, dite « La Bourdelle », une célèbre cantatrice française d'avant-guerre, est l'épouse du maestro André Bourdelle. Ce dernier, engagé dans la Résistance française, est tué accidentellement par l'explosion d'une grenade. Papy fait de la résistance
53%
1956 Marcel Martin, un chauffeur de taxi au chômage, gagne sa vie en livrant clandestinement des colis de nourriture au marché noir. Un soir, il est engagé pour transporter à pied et à l’autre bout de la ville (plus précisément de la rue Poliveau à la rue Lepic) quatre valises contenant les morceaux d'un cochon. La Traversée de Paris
51%
1966 En août 1944, des faits de Résistance et les actions militaires conduisent à la libération de Paris et à la reddition du général Dietrich von Choltitz, commandant de la garnison militaire du Groß Paris. Paris brûle-t-il ?
51%
2009-2017 En juin 1940, Villeneuve, petite sous-préfecture fictive du Jura7, est bouleversée par l'arrivée de l'armée allemande. L'occupation de la France vient de commencer. Un village français
51%
1997 Ce film retrace l'histoire de la vie de Lucie Aubrac pendant la résistance à l'occupation nazie, dont un "coup d'éclat": l'organisation d'un commando pour faire évader son mari Raymond Aubrac. Lucie Aubrac
47%
1975 Pendant la Seconde Guerre mondiale, à Montauban, en 1944, Julien Dandieu, chirurgien pacifiste et humaniste convaincu, mène une vie bourgeoise avec son épouse Clara et sa fille Florence, née d'une précédente union. Participant à la Résistance française en soignant de façon risquée des maquisards dans son hôpital, il est régulièrement menacé par la milice. Le Vieux Fusil
44%
1952 Au cours de l'exode de 1940 en France, un convoi de civils est bombardé et mitraillé par des avions allemands. Paulette, cinq ans, perd ses parents et se met à errer dans la campagne, serrant dans ses bras le cadavre de son chien. Jeux interdits
42%
1980 Depuis que la moitié Nord de la France a été envahie par les nazis, les Parisiens passent leurs soirées dans les salles de spectacles, pour ne pas avoir froid. En septembre 1942, l'actrice de renom Marion Steiner ne pense qu'aux répétitions de la pièce norvégienne, La Disparue, qui va être jouée dans le théâtre Montmartre, dont elle assure la direction à la place de son mari Lucas Steiner, Juif Allemand exilé qui s'est officiellement réfugié en Amérique. Le dernier métro
37%
1946 Ce film retrace la résistance des cheminots français pendant la Seconde Guerre mondiale et leurs efforts (sabotage des trains et des voies) pour perturber la circulation des trains pendant l'occupation nazie. La Bataille du rail
35%
1969 En juin 1942, en France occupée. Philippe Gerbier, ingénieur distingué des Ponts et Chaussées, soupçonné de « pensées gaullistes », est arrêté par la police de Vichy et placé dans un camp de prisonniers reconverti en camp de concentration. L'Armée des ombres
35%
1976 Le marchand d'art Robert Klein vit luxueusement dans un hôtel particulier de la rue du Bac, avec sa maîtresse Jeanine. Dans une salles des ventes, il suit la mise aux enchères d'une tapisserie truffée de symboles occultes représentant un vautour. Il déconseille à une amie de l'acheter, pressentant qu'elle « porte malheur ». Il achète sans le moindre scrupule, à des Juifs aux abois pressés de fuir la France Monsieur Klein
33%
1974 En juin 1944, sous l'Occupation allemande, Lucien Lacombe retourne chez ses parents. Son père est prisonnier de guerre en Allemagne et sa mère vit avec le maire du village. L'adolescent demande à son instituteur, devenu résistant, de le faire entrer dans le maquis, mais ce dernier refuse, le trouvant trop jeune. Lacombe Lucien
30%
1964 En août 1944, le colonel von Waldheim, grand amateur d'art, fait évacuer les tableaux de maîtres de la Galerie nationale du Jeu de Paume, les œuvres dites « dégénérées » spoliées en France par les nazis pour les envoyer en Allemagne. Le Train
28%
1990 Ce film relate la vie du docteur Petiot, médecin français qui fut l'un des pires tueurs en série de la période de l'occupation. Entre 1941 et 1944, il aurait attiré dans son hôtel particulier du 21 rue Le Sueur à Paris, des dizaines de personnes qu'il aurait ensuite assassinés puis brûlés. Docteur Petiot
19%
1949 Un homme d'une soixantaine d'années demeure avec sa nièce dans une maison du Dauphiné, dans la France occupée pendant la Seconde Guerre mondiale. La Kommandantur envoie un officier allemand loger chez eux, en zone libre. Le père de cet officier, qui avait survécu, avait lui connu la défaite de l'Allemagne face à la France, durant la Première Guerre mondiale. Le Silence de la mer
19%
1976 Le film retrace l'histoire du groupe Manouchian, surnommé "L'armée du crime", composé de vingt-trois résistants (dont une femme qui fut décapitée ultérieurement), la plupart d'origine étrangère, fusillés à l'aube du 21 février 1944 sur le Mont Valérien, pour l'exemple L'Affiche rouge
16%
2004 Au 93 de la rue Lauriston se trouvait le quartier général la Gestapo française durant l’Occupation — dit la « Carlingue ». Les autorités allemandes se sont appuyées sur des truands français pour leur travail de basse police. Munis d’une carte allemande, ces voyous étaient intouchables. 93, rue Lauriston
14%
1975 Lors de la débâcle de juin 1940, la septième compagnie du 106e régiment de transmissions est réfugiée dans un bois. Trois hommes sont envoyés dans un poste d'observation : les soldats Pithivier et Tassin et le sergent-chef Chaudard Mais où est donc passée la septième compagnie ?
14%
1981 À Paris dans le 20e arrondissement, pendant les années 1941 à 1948, un couple de crémiers, les Poissonnard, des profiteurs de guerre opportunistes (admirateurs du maréchal Pétain pendant l'occupation puis de de Gaulle à la libération), se servent du marché noir (BOF) pour s'enrichir indûment. Au bon beurre
12%
2003 Années 1950. Jacques, un instituteur, exerce également sur son temps libre la profession de clown. Tous les ans, ce dernier joue dans la ville où il vivait durant l'occupation allemande. Lucien, son fils, ne comprend pas pourquoi son père, instituteur sérieux, se ridiculise ainsi. Effroyables jardins
12%
1961 Durant l'Occupation, dans une ville de province, la jeune veuve de guerre d'un juif communiste, mère d'une fillette, défie un prêtre sur le terrain de la religion. Certaine de sa rhétorique, elle est pourtant déconcertée par les réponses qu'il lui donne. Peu à peu, elle perd pied. Chaque nouvelle rencontre avec ce prêtre la rapprochera de la conversion. Sa résistance cédera devant le travail de la grâce. Léon Morin, prêtre
12%
1995 Mai 1940 : les Allemands juifs, communistes ou opposants au nazisme réfugiés en France, sont internés au camp des Milles, près d'Aix-en-Provence. Le commandant Perrochon dirige ce camp d'une main de fer. Mais pourtant, quand l'arrivée des nazis est annoncée, il ne peut se résoudre à leur livrer ses prisonniers et affrète secrètement un train pour les évacuer sur Bayonne. Les Milles
12%
1958 Sous l'Occupation, après le décès de son mari, Cora (Françoise Arnoul) le remplace dans un réseau de Résistance pour dérober les plans d'une fusée allemande dans une usine. Elle prend le nom de code de La Chatte. La Chatte
7%
1968 En 1943, deux résistants, les frères Toledano, sont arrêtés, emprisonnés et torturés à la prison de Bourges. Aloïs Stanke, frère Alfred, infirmier militaire allemand et frère franciscain, vient les soigner et les réconforter. Luttant contre la Gestapo, il tente de les faire évader... Le Franciscain de Bourges
7%
2008 1944. Après la mort de son mari résistant et communiste, Louise s’enfuit à Londres. Elle y retrouve son frère, Pierre, qui la recrute pour le SOE, le service secret de Churchill. Les Femmes de l'ombre
5%
1956 En 1943, un résistant, Fontaine, est arrêté par les Allemands et emprisonné à la prison Montluc à Lyon. Il met tout en œuvre pour s'évader, imagine un plan, et parvient à force de courage et de travail à s'en procurer les instruments. Mais juste avant sa fuite, on affecte à sa cellule un autre prisonnier, le jeune François Jost. Fontaine hésite à le supprimer, et l'emmène finalement avec lui. Un condamné à mort s'est échappé
5%
1966 Pendant la Seconde Guerre mondiale, sous l'occupation allemande, la ligne de démarcation coupe en deux un village du Jura. Un capitaine de l'armée française, le comte Pierre de Damville, prisonnier de guerre, blessé en 1940, libéré par les Allemands, revient chez lui. Mais son château est utilisé par l'occupant comme siège de la Kommandantur locale. Pierre est résigné à devoir cohabiter avec les Allemands, dans l'inaction, ce que refuse courageusement sa femme, Mary La Ligne de démarcation
2%
1963 Durant l'Occupation, la rencontre fortuite d'un pilote américain tombé en France, Allan Morley, et de Thérèse Dutheil, une bourgeoise parisienne, mère de deux jeunes enfants dont le mari est prisonnier en Allemagne. Le Jour et l'Heure
0%
Aucun quiz correspondant
Distribution des résultats
% des personnes avec chaque résultat
Percentile par nombre de réponses
Votre historique - résultats
Vous n’avez pas pris ce quiz